Vliv daní na ekonomické chování poplatníků Svět daní. 6

Vplyv daní na prácu. Paušálna daň. Zvyšovanie progresivity dane. Nepriame dane zo spotreby. Vplyv zdanenia na úspory. Odradzujúci a stimulujúci efekt k práci z dane zo mzdy.

Na minha lista:
Detalhes bibliográficos
Autor principal: Kubátová, Květa
Formato: Capítulo de Livro
Idioma:tcheco
Assuntos:
Tags: Adicionar Tag
Sem tags, seja o primeiro a adicionar uma tag!

MARC

LEADER 00000naa a2200000 4500
001 r025982
005 20230920093651.6
041 0 |a cze 
044 |a CZ 
245 1 0 |a Vliv daní na ekonomické chování poplatníků  |b Svět daní. 6  |c Květa Kubátová 
520 |a Vplyv daní na prácu. Paušálna daň. Zvyšovanie progresivity dane. Nepriame dane zo spotreby. Vplyv zdanenia na úspory. Odradzujúci a stimulujúci efekt k práci z dane zo mzdy. 
610 2 0 |a dane 
610 2 0 |a dane progresívne 
610 2 0 |a dane dôchodkové 
610 2 0 |a dane zo mzdy 
610 2 0 |a práca 
100 1 |a Kubátová, Květa